| 000 | 00911nam a22003017a 4500 | ||
|---|---|---|---|
| 001 | 000209 | ||
| 003 | DO-SdBNP | ||
| 005 | 20180124152440.0 | ||
| 007 | 000209 | ||
| 008 | 151210b 1984 mx a 00| 0 spa d | ||
| 020 | _a0816399018 | ||
| 040 |
_aBPMSU _bspa _cBPMSU |
||
| 092 |
_axxxx _bxxxx |
||
| 100 | 1 | _aVan Pelt, Nancy | |
| 240 | 1 | 3 | _aTo have and to hold |
| 245 | 1 | 0 |
_aFelices para siempre / _cNancy Van Pelt ; traducción Sergio V. Collins ; ilustraciones Tim Adams...[et al] |
| 246 | 1 | 2 |
_aFelices para siempre _bguía para un matrimonio de exito |
| 250 | _a2a. ed. | ||
| 260 |
_aMéxico ; _bPublicaciones interamericanas, _c1984. _fCorripio |
||
| 300 |
_a192 p.; _bil. _c25 cm. |
||
| 700 | 1 | 2 |
_aCollins, Sergio V. _etrad. |
| 700 | 1 | 2 |
_aAdams, Tim _eil. |
| 700 | 1 | 2 |
_aHester, Ronald _eil. |
| 910 | _a00144 | ||
| 942 |
_2ddc _cBK |
||
| 945 | _aInventariado, 2018 / YL | ||
| 956 |
_aYLOCKWARD _b10 _cBPMSU |
||
| 999 |
_c9437 _d9437 |
||